|
|
|
|
| LEADER |
00000nab a2200000 a 4500 |
| 001 |
vtls000632143 |
| 003 |
SK-MaSNL |
| 005 |
20260426103042.0 |
| 008 |
160401c1997 xo 0 slo |
| 015 |
|
|
|a SNBRB19rr/mm-uuuuu
|
| 035 |
|
|
|a CL0632282
|
| 040 |
|
|
|a SNKBUCL
|b slo
|c SNKBUCL
|e AACR2
|
| 041 |
0 |
|
|a slo
|
| 044 |
|
|
|a xo
|c SK
|
| 080 |
|
|
|a 327(437.6):327.51(100)
|2 1981
|
| 080 |
|
|
|a 327.51(100)
|2 1981
|
| 100 |
1 |
|
|a Raslavský, František
|4 aut
|9 890909
|
| 245 |
1 |
0 |
|a Premiér V. Mečiar potvrdil orientáciu SR byť súčasťou euroatlantických štruktúr
|b I. Gašparovič: Nemáme väčšie problémy so susednými krajinami
|c František Raslavský
|
| 300 |
|
|
|b Fotogr. 1
|
| 610 |
2 |
7 |
|a NATO
|2 snkbucl
|9 33599
|
| 610 |
1 |
7 |
|a Slovensko.
|b Národná rada
|2 snkbucl
|9 165573
|
| 651 |
|
7 |
|a Slovensko
|2 snkbucl
|9 14231
|
| 655 |
|
7 |
|a články z novín a časopisov
|2 snkbucl
|9 267496
|
| 773 |
0 |
|
|t Slovenská republika
|g Roč. 5, č. 197 (26. 8. 1997), s. 1-2
|
| 850 |
|
|
|a Slovenská národná knižnica v Martine
|a MTA001
|
| 852 |
|
|
|a SNK
|b KIS3GCP
|
| 958 |
|
|
|a SK
|
| 958 |
|
|
|a RK
|
| 958 |
|
|
|a RBX
|
| 999 |
|
|
|c 3274331
|d 3276261
|